[Event "European Online Club-ch-E 2021"]
[Site "Online"]
[Date "2021.03.27"]
[Round "2.10"]
[White "Moreno Trujillo, Alejandro"]
[Black "Kanakaris, Georgios"]
[Result "1/2-1/2"]
[WhiteElo "2483"]
[BlackElo "2400"]
[Annotator "ChessBase"]
[PlyCount "135"]
[EventDate "2021.03.27"]
[EventType "team-tourn"]
[EventCountry "NET"]
[SourceTitle "playchess.com"]
[Source "ChessBase"]
[SourceQuality "1"]
[TimeControl "900+5"]

1. d4 {[%emt 0:00:00]} Nf6 {[%emt 0:00:04]} 2. c4 {[%emt 0:00:07]} e6 {[%emt 0:00:25]} 3. Nc3 {[%emt 0:00:15]} Bb4 {[%emt 0:00:03]} 4. Qc2 {[%emt 0:00:05]} c5 {[%emt 0:00:55]} 5. dxc5 {[%emt 0:00:07]} Bxc5 {[%emt 0:00:00]} 6. Nf3 {[%emt 0:00:06]} Qb6 {[%emt 0:00:04]} 7. e3 {[%emt 0:00:03]} Be7 {[%emt 0:00:03]} 8. a3 {[%emt 0:00:12]} O-O {[%emt 0:00:14]} 9. Bd3 {[%emt 0:00:11]} d6 {[%emt 0:00:19]} 10. b4 {[%emt 0:01:10]} Nbd7 {[%emt 0:00:23]} 11. Bb2 {[%emt 0:00:04]} a6 {[%emt 0:00:11]} 12. O-O {[%emt 0:00:06]} Qc7 {[%emt 0:00:03]} 13. Rfd1 {[%emt 0:00:32]} h6 {[%emt 0:00:16]} 14. Nd4 {[%emt 0:00:30]} Ne5 {[%emt 0:00:57]} 15. Rac1 {[%emt 0:00:35]} Nxd3 {[%emt 0:01:31]} 16. Qxd3 {[%emt 0:00:04]} Rd8 {[%emt 0:00:16]} 17. Ne4 {[%emt 0:00:36]} Nxe4 {[%emt 0:00:48]} 18. Qxe4 {[%emt 0:00:04]} Bd7 {[%emt 0:00:02]} 19. Qg4 {[%emt 0:01:51]} Bf8 {[%emt 0:01:41]} 20. Qg3 {[%emt 0:00:18]} Ba4 {[%emt 0:00:39]} 21. Re1 {[%emt 0:00:09]} Rac8 {[%emt 0:00:05]} 22. Ne2 {[%emt 0:00:32]} Bb3 {[%emt 0:01:19]} 23. Nf4 {[%emt 0:00:09]} Qe7 {[%emt 0:01:03]} 24. Nh5 {[%emt 0:05:03]} Qg5 {[%emt 0:00:06]} 25. Qxg5 {[%emt 0:00:16]} hxg5 {[%emt 0:00:00]} 26. c5 {[%emt 0:00:03]} dxc5 {[%emt 0:00:15]} 27. bxc5 {[%emt 0:00:02]} Rd5 {[%emt 0:00:51]} 28. Ng3 {[%emt 0:00:34]} Rdxc5 {[%emt 0:00:22]} 29. Ne4 {[%emt 0:00:08]} Rxc1 {[%emt 0:00:05]} 30. Rxc1 {[%emt 0:00:02]} Rxc1+ {[%emt 0:00:05]} 31. Bxc1 {[%emt 0:00:02]} f6 {[%emt 0:00:06]} 32. f3 {[%emt 0:00:01]} Kf7 {[%emt 0:00:04]} 33. Kf2 {[%emt 0:00:02]} Bc2 {[%emt 0:00:12]} 34. Nc3 {[%emt 0:00:04]} b5 {[%emt 0:00:14]} 35. Ke2 {[%emt 0:00:02]} b4 {[%emt 0:00:11]} 36. axb4 {[%emt 0:00:05]} Bxb4 {[%emt 0:00:00]} 37. Kd2 {[%emt 0:00:06]} Bb3 {[%emt 0:00:09]} 38. Kd3 {[%emt 0:00:03]} a5 {[%emt 0:00:46]} 39. Nb1 {[%emt 0:00:06]} Ba4 {[%emt 0:00:08]} 40. Kc4 {[%emt 0:00:33]} Bc6 {[%emt 0:00:24]} 41. Nc3 {[%emt 0:00:40]} g4 {[%emt 0:00:50]} 42. e4 {[%emt 0:00:04]} gxf3 {[%emt 0:00:04]} 43. gxf3 {[%emt 0:00:02]} Kg6 {[%emt 0:00:15]} 44. Ne2 {[%emt 0:00:06]} Bd7 {[%emt 0:00:18]} 45. Nf4+ {[%emt 0:00:26]} Kf7 {[%emt 0:00:02]} 46. Nd3 {[%emt 0:00:15]} Bd6 {[%emt 0:00:02]} 47. f4 {[%emt 0:00:32]} Bc7 {[%emt 0:00:21]} 48. Kc5 {[%emt 0:00:33]} Ba4 {[%emt 0:00:07]} 49. Kc4 {[%emt 0:00:07]} Bc2 {[%emt 0:00:06]} 50. Nc5 {[%emt 0:00:09]} Bb6 {[%emt 0:00:10]} 51. e5 {[%emt 0:00:07]} fxe5 {[%emt 0:00:19]} 52. fxe5 {[%emt 0:00:02]} a4 {[%emt 0:00:18]} 53. Kb4 {[%emt 0:00:16]} Bxc5+ {[%emt 0:00:07]} 54. Kxc5 {[%emt 0:00:02]} Kg6 {[%emt 0:00:01]} 55. Kb4 {[%emt 0:00:16]} Kf5 {[%emt 0:00:03]} 56. Bb2 {[%emt 0:00:09]} Kf4 {[%emt 0:00:07]} 57. Bc3 {[%emt 0:00:03]} Kf3 {[%emt 0:00:10]} 58. Be1 {[%emt 0:00:03]} Ke4 {[%emt 0:00:05]} 59. Bg3 {[%emt 0:00:03]} Kd4 {[%emt 0:00:02]} 60. Ka3 {[%emt 0:00:02]} g6 {[%emt 0:00:08]} 61. Kb4 {[%emt 0:00:03]} Bd1 {[%emt 0:00:01]} 62. Ka3 {[%emt 0:00:02]} Kc3 {[%emt 0:00:10]} 63. Be1+ {[%emt 0:00:06]} Kd3 {[%emt 0:00:02]} 64. Bg3 {[%emt 0:00:02]} Kc4 {[%emt 0:00:18]} 65. Be1 {[%emt 0:00:07]} Kd3 {[%emt 0:00:03]} 66. Bg3 {[%emt 0:00:04]} Kd4 {[%emt 0:00:02]} 67. Kb4 {[%emt 0:00:02]} Kd3 {[%emt 0:00:02]} 68. Ka3 {[%emt 0:00:02]} 1/2-1/2

[Event "European Online Club-ch-E 2021"]
[Site "Online"]
[Date "2021.03.27"]
[Round "2.11"]
[White "Koutlas, Nikolaos"]
[Black "Garrido Dominguez, Jesus"]
[Result "1-0"]
[WhiteElo "2078"]
[BlackElo "2413"]
[Annotator "NA"]
[PlyCount "67"]
[EventDate "2021.03.27"]
[EventType "team-tourn"]
[EventCountry "NET"]
[SourceTitle "playchess.com"]
[Source "ChessBase"]
[SourceQuality "1"]
[TimeControl "900+5"]

1. c4 {[%emt 0:00:00]} d6 {[%emt 0:00:08]} 2. Nc3 {[%emt 0:00:04]} Nf6 {[%emt 0:00:07]} 3. e4 {[%emt 0:00:12]} e5 {[%emt 0:00:09]} 4. g3 {[%emt 0:00:08]} h5 {[%emt 0:00:12]} 5. h3 {[%emt 0:00:22]} h4 {[%emt 0:00:07]} 6. g4 {[%emt 0:00:02]} Nc6 {[%emt 0:00:08]} 7. d3 {[%emt 0:00:08]} Nd7 {[%emt 0:00:03]} 8. Bg2 {[%emt 0:00:13]} Nc5 {[%emt 0:00:04]} 9. f4 {[%emt 0:00:18]} Ne6 {[%emt 0:00:16]} 10. Nge2 {[%emt 0:00:09]} g6 {[%emt 0:01:57]} 11. Be3 {[%emt 0:00:39]} Bh6 {[%emt 0:00:20]} 12. Nd5 {[%emt 0:01:53]} exf4 {[%emt 0:00:25]} 13. Nexf4 {[%emt 0:00:02]} Nxf4 {[%emt 0:00:23]} 14. Nxf4 {[%emt 0:00:05]} Bxf4 {[%emt 0:03:57]} 15. Bxf4 {[%emt 0:00:02]} Qf6 {[%emt 0:00:02]} 16. Qd2 {[%emt 0:00:29]} Nd4 {[%emt 0:00:03]} 17. O-O {[%emt 0:00:11]} Ne6 {[%emt 0:01:16]} 18. Be3 {[%emt 0:02:49]} Qe7 {[%emt 0:00:07]} 19. d4 {[%emt 0:00:12]} c5 {[%emt 0:00:17]} 20. d5 {[%emt 0:01:24]} Nf8 {[%emt 0:00:39]} 21. Bg5 {[%emt 0:00:09]} Qc7 {[%emt 0:00:01]} 22. Bf6 {[%emt 0:00:03]} Rh7 {[%emt 0:00:02]} 23. e5 {[%emt 0:00:02]} Nd7 {[%emt 0:03:09]} 24. exd6 {[%emt 0:00:03]} Qxd6 {[%emt 0:00:02]} 25. Rae1+ {[%emt 0:00:04]} Kf8 {[%emt 0:00:01]} 26. Be7+ {[%emt 0:00:09]} Qxe7 {[%emt 0:00:02]} 27. Rxe7 {[%emt 0:00:01]} Kxe7 {[%emt 0:00:01]} 28. d6+ {[%emt 0:00:06]} Kf8 {[%emt 0:00:02]} 29. Qe3 {[%emt 0:00:31]} f6 {[%emt 0:00:55]} 30. g5 {[%emt 0:00:09]} f5 {[%emt 0:00:04]} 31. Re1 {[%emt 0:00:05]} Kg8 {[%emt 0:00:07]} 32. Bd5+ {[%emt 0:00:05]} Kh8 {[%emt 0:00:04]} 33. Qe8+ {[%emt 0:00:03]} Kg7 {[%emt 0:00:02]} 34. Qg8# {[%emt 0:00:02]} 1-0

[Event "European Online Club-ch-E 2021"]
[Site "Online"]
[Date "2021.03.27"]
[Round "2.12"]
[White "Soham Das"]
[Black "Apostolakakis, Konstantinos"]
[Result "0-1"]
[WhiteElo "2385"]
[BlackElo "2074"]
[Annotator "NA"]
[PlyCount "80"]
[EventDate "2021.03.27"]
[EventType "team-tourn"]
[EventCountry "NET"]
[SourceTitle "playchess.com"]
[Source "ChessBase"]
[SourceQuality "1"]
[TimeControl "900+5"]

1. d4 {[%emt 0:00:00]} Nf6 {[%emt 0:00:08]} 2. Bf4 {[%emt 0:00:15]} e6 {[%emt 0:00:05]} 3. e3 {[%emt 0:00:10]} b6 {[%emt 0:00:16]} 4. Nd2 {[%emt 0:00:43]} Bb7 {[%emt 0:00:04]} 5. Ngf3 {[%emt 0:00:13]} c5 {[%emt 0:00:21]} 6. c3 {[%emt 0:00:09]} cxd4 {[%emt 0:00:41]} 7. exd4 {[%emt 0:00:03]} d6 {[%emt 0:00:13]} 8. Bd3 {[%emt 0:00:15]} Be7 {[%emt 0:00:07]} 9. O-O {[%emt 0:00:20]} O-O {[%emt 0:00:03]} 10. a4 {[%emt 0:00:04]} a6 {[%emt 0:00:15]} 11. Re1 {[%emt 0:00:03]} Nbd7 {[%emt 0:00:10]} 12. Qe2 {[%emt 0:00:04]} Qc7 {[%emt 0:00:17]} 13. h3 {[%emt 0:00:07]} Rfe8 {[%emt 0:00:24]} 14. Ng5 {[%emt 0:00:35]} Bf8 {[%emt 0:00:41]} 15. Nde4 {[%emt 0:02:39]} h6 {[%emt 0:00:44]} 16. Nf3 {[%emt 0:00:29]} Nxe4 {[%emt 0:00:47]} 17. Bxe4 {[%emt 0:00:07]} Bxe4 {[%emt 0:00:09]} 18. Qxe4 {[%emt 0:00:03]} Nf6 {[%emt 0:00:26]} 19. Qd3 {[%emt 0:00:03]} Qb7 {[%emt 0:00:54]} 20. c4 {[%emt 0:00:58]} d5 {[%emt 0:02:09]} 21. b3 {[%emt 0:00:54]} Red8 {[%emt 0:00:21]} 22. Rad1 {[%emt 0:02:24]} Rac8 {[%emt 0:00:23]} 23. Ne5 {[%emt 0:00:10]} a5 {[%emt 0:00:59]} 24. Qf3 {[%emt 0:04:12]} Be7 {[%emt 0:01:53]} 25. g4 {[%emt 0:00:36]} Bb4 {[%emt 0:01:32]} 26. Re2 {[%emt 0:00:37]} Ne4 {[%emt 0:00:19]} 27. cxd5 {[%emt 0:00:20]} exd5 {[%emt 0:00:05]} 28. Nd3 {[%emt 0:00:06]} Nc3 {[%emt 0:00:31]} 29. Re3 {[%emt 0:00:25]} Nxd1 {[%emt 0:00:05]} 30. Qxd1 {[%emt 0:00:02]} Re8 {[%emt 0:00:55]} 31. Qf3 {[%emt 0:00:13]} Rxe3 {[%emt 0:00:05]} 32. Bxe3 {[%emt 0:00:04]} Bd6 {[%emt 0:00:13]} 33. Bd2 {[%emt 0:00:12]} Rc2 {[%emt 0:00:27]} 34. Qe2 {[%emt 0:00:06]} Qe7 {[%emt 0:00:22]} 35. Qd1 {[%emt 0:00:02]} Rc8 {[%emt 0:00:07]} 36. f3 {[%emt 0:00:08]} Qf6 {[%emt 0:00:07]} 37. Be3 {[%emt 0:00:05]} Re8 {[%emt 0:00:04]} 38. Qd2 {[%emt 0:00:04]} Qh4 {[%emt 0:00:05]} 39. Qf2 {[%emt 0:00:10]} Bg3 {[%emt 0:00:15]} 40. Qe2 {[%emt 0:00:05]} Qxh3 {[%emt 0:00:03]} 0-1

[Event "European Online Club-ch-E 2021"]
[Site "Online"]
[Date "2021.03.27"]
[Round "2.14"]
[White "Postny, Evgeny"]
[Black "Caglar, Sila"]
[Result "1-0"]
[WhiteElo "2605"]
[BlackElo "2250"]
[Annotator "ChessBase"]
[PlyCount "67"]
[EventDate "2021.03.27"]
[EventType "team-tourn"]
[EventCountry "NET"]
[SourceTitle "playchess.com"]
[Source "ChessBase"]
[SourceQuality "1"]
[TimeControl "900+5"]

1. d4 {[%emt 0:00:00]} Nf6 {[%emt 0:00:05]} 2. c4 {[%emt 0:00:03]} g6 {[%emt 0:00:02]} 3. Nc3 {[%emt 0:00:02]} Bg7 {[%emt 0:00:01]} 4. e4 {[%emt 0:00:02]} d6 {[%emt 0:00:02]} 5. Nf3 {[%emt 0:00:01]} O-O {[%emt 0:00:04]} 6. Be2 {[%emt 0:00:02]} e5 {[%emt 0:00:04]} 7. d5 {[%emt 0:00:02]} a5 {[%emt 0:00:03]} 8. h3 {[%emt 0:00:02]} Na6 {[%emt 0:00:32]} 9. Bg5 {[%emt 0:00:04]} Bd7 {[%emt 0:00:44]} 10. Nd2 {[%emt 0:00:11]} Qe8 {[%emt 0:00:11]} 11. O-O {[%emt 0:00:22]} h6 {[%emt 0:01:25]} 12. Be3 {[%emt 0:00:02]} Nh7 {[%emt 0:00:13]} 13. a3 {[%emt 0:01:05]} f5 {[%emt 0:00:44]} 14. f3 {[%emt 0:00:02]} f4 {[%emt 0:00:21]} 15. Bf2 {[%emt 0:00:02]} g5 {[%emt 0:00:05]} 16. b4 {[%emt 0:00:31]} h5 {[%emt 0:01:46]} 17. c5 {[%emt 0:00:08]} Nf6 {[%emt 0:01:39]} 18. cxd6 {[%emt 0:03:50]} cxd6 {[%emt 0:00:03]} 19. Nc4 {[%emt 0:00:02]} g4 {[%emt 0:02:41]} 20. Nxd6 {[%emt 0:00:48]} Qg6 {[%emt 0:00:03]} 21. Nf5 {[%emt 0:00:13]} Bxf5 {[%emt 0:01:09]} 22. exf5 {[%emt 0:00:02]} Qxf5 {[%emt 0:00:11]} 23. fxg4 {[%emt 0:01:23]} hxg4 {[%emt 0:00:10]} 24. hxg4 {[%emt 0:00:44]} Qg5 {[%emt 0:04:09]} 25. b5 {[%emt 0:00:16]} e4 {[%emt 0:00:29]} 26. bxa6 {[%emt 0:00:41]} f3 {[%emt 0:00:05]} 27. gxf3 {[%emt 0:03:28]} exf3 {[%emt 0:00:06]} 28. Bxf3 {[%emt 0:00:01]} Nxg4 {[%emt 0:00:05]} 29. Ne4 {[%emt 0:00:18]} Nxf2+ {[%emt 0:00:08]} 30. Nxg5 {[%emt 0:00:05]} Nxd1 {[%emt 0:00:01]} 31. Raxd1 {[%emt 0:00:03]} Rxa6 {[%emt 0:00:03]} 32. Ne6 {[%emt 0:00:03]} Rf5 {[%emt 0:00:08]} 33. Be2 {[%emt 0:00:08]} Re5 {[%emt 0:00:07]} 34. Bxa6 {[%emt 0:00:03]} 1-0

[Event "European Online Club-ch-E 2021"]
[Site "Online"]
[Date "2021.03.27"]
[Round "2.15"]
[White "Kocyigit, Buse Naz"]
[Black "Steinberg, Nitzan"]
[Result "0-1"]
[WhiteElo "2143"]
[BlackElo "2553"]
[Annotator "ChessBase"]
[PlyCount "74"]
[EventDate "2021.03.27"]
[EventType "team-tourn"]
[EventCountry "NET"]
[SourceTitle "playchess.com"]
[Source "ChessBase"]
[SourceQuality "1"]
[TimeControl "900+5"]

1. Nf3 {[%emt 0:00:00]} d5 {[%emt 0:00:10]} 2. d4 {[%emt 0:00:02]} Nf6 {[%emt 0:00:02]} 3. c4 {[%emt 0:00:03]} c6 {[%emt 0:00:02]} 4. Nc3 {[%emt 0:00:13]} e6 {[%emt 0:00:02]} 5. e3 {[%emt 0:00:05]} Nbd7 {[%emt 0:00:02]} 6. Qc2 {[%emt 0:00:02]} Bd6 {[%emt 0:00:09]} 7. Be2 {[%emt 0:00:03]} dxc4 {[%emt 0:00:20]} 8. a4 {[%emt 0:00:02]} O-O {[%emt 0:00:25]} 9. Bxc4 {[%emt 0:00:10]} e5 {[%emt 0:00:46]} 10. O-O {[%emt 0:00:35]} Qe7 {[%emt 0:00:59]} 11. h3 {[%emt 0:00:44]} a5 {[%emt 0:00:27]} 12. Rd1 {[%emt 0:01:26]} Kh8 {[%emt 0:01:35]} 13. Bb3 {[%emt 0:01:26]} b6 {[%emt 0:01:25]} 14. Ng5 {[%emt 0:05:34]} h6 {[%emt 0:00:33]} 15. Nge4 {[%emt 0:00:11]} Bb8 {[%emt 0:00:30]} 16. d5 {[%emt 0:00:26]} Bb7 {[%emt 0:00:03]} 17. d6 {[%emt 0:00:38]} Qd8 {[%emt 0:00:12]} 18. Nxf6 {[%emt 0:00:35]} Qxf6 {[%emt 0:00:09]} 19. Ne4 {[%emt 0:00:43]} Qg6 {[%emt 0:00:03]} 20. Ng3 {[%emt 0:00:16]} f5 {[%emt 0:00:42]} 21. e4 {[%emt 0:01:25]} f4 {[%emt 0:00:03]} 22. Nf5 {[%emt 0:00:07]} Nc5 {[%emt 0:00:08]} 23. f3 {[%emt 0:00:41]} Ba7 {[%emt 0:00:08]} 24. Kh1 {[%emt 0:00:17]} Rad8 {[%emt 0:00:06]} 25. Bc4 {[%emt 0:00:22]} Bb8 {[%emt 0:01:34]} 26. b3 {[%emt 0:00:02]} Qf6 {[%emt 0:00:32]} 27. Ba3 {[%emt 0:00:33]} Kh7 {[%emt 0:00:05]} 28. Bxc5 {[%emt 0:00:14]} bxc5 {[%emt 0:00:02]} 29. Qc3 {[%emt 0:00:04]} g6 {[%emt 0:00:09]} 30. Qxa5 {[%emt 0:00:26]} gxf5 {[%emt 0:00:04]} 31. exf5 {[%emt 0:00:01]} Bc8 {[%emt 0:00:40]} 32. Qxc5 {[%emt 0:00:03]} Bxf5 {[%emt 0:00:14]} 33. Qxc6 {[%emt 0:00:01]} Qh4 {[%emt 0:00:41]} 34. Bf1 {[%emt 0:00:13]} Rg8 {[%emt 0:00:08]} 35. d7 {[%emt 0:00:04]} Ba7 {[%emt 0:01:36]} 36. Ra2 {[%emt 0:00:02]} Bxh3 {[%emt 0:00:09]} 37. Bd3+ {[%emt 0:00:08]} Bf5# {[%emt 0:00:02]} 0-1

[Event "European Online Club-ch-E 2021"]
[Site "Online"]
[Date "2021.03.27"]
[Round "2.16"]
[White "Huzman, Alexander"]
[Black "Ince, Safiye Oyku"]
[Result "1-0"]
[WhiteElo "2561"]
[BlackElo "1995"]
[Annotator "ChessBase"]
[PlyCount "105"]
[EventDate "2021.03.27"]
[EventType "team-tourn"]
[EventCountry "NET"]
[SourceTitle "playchess.com"]
[Source "ChessBase"]
[SourceQuality "1"]
[TimeControl "900+5"]

1. Nf3 {[%emt 0:00:00]} Nf6 {[%emt 0:00:17]} 2. g3 {[%emt 0:00:04]} e6 {[%emt 0:00:20]} 3. Bg2 {[%emt 0:00:04]} c5 {[%emt 0:00:07]} 4. O-O {[%emt 0:00:05]} Be7 {[%emt 0:00:31]} 5. c4 {[%emt 0:00:06]} O-O {[%emt 0:00:04]} 6. d4 {[%emt 0:00:02]} cxd4 {[%emt 0:00:04]} 7. Nxd4 {[%emt 0:00:03]} Nc6 {[%emt 0:00:04]} 8. Nc3 {[%emt 0:00:05]} a6 {[%emt 0:02:29]} 9. Bf4 {[%emt 0:00:30]} Nxd4 {[%emt 0:00:29]} 10. Qxd4 {[%emt 0:00:03]} d6 {[%emt 0:00:03]} 11. Qd2 {[%emt 0:00:25]} Qc7 {[%emt 0:00:19]} 12. Rac1 {[%emt 0:00:22]} e5 {[%emt 0:01:04]} 13. Bg5 {[%emt 0:00:07]} Be6 {[%emt 0:00:08]} 14. Rfd1 {[%emt 0:00:36]} Ne8 {[%emt 0:01:43]} 15. Bxe7 {[%emt 0:00:43]} Qxe7 {[%emt 0:00:02]} 16. Nd5 {[%emt 0:00:02]} Bxd5 {[%emt 0:00:05]} 17. Qxd5 {[%emt 0:00:03]} Rb8 {[%emt 0:00:28]} 18. c5 {[%emt 0:00:14]} dxc5 {[%emt 0:00:10]} 19. Qxc5 {[%emt 0:00:02]} Qe6 {[%emt 0:00:45]} 20. Bd5 {[%emt 0:00:48]} Qg4 {[%emt 0:00:23]} 21. Bf3 {[%emt 0:00:31]} Qe6 {[%emt 0:00:20]} 22. Qd5 {[%emt 0:00:38]} Nf6 {[%emt 0:02:02]} 23. Qxe6 {[%emt 0:00:25]} fxe6 {[%emt 0:00:03]} 24. e3 {[%emt 0:00:25]} Rf7 {[%emt 0:02:12]} 25. Rd6 {[%emt 0:00:47]} e4 {[%emt 0:00:56]} 26. Be2 {[%emt 0:00:04]} Re7 {[%emt 0:00:28]} 27. Rc4 {[%emt 0:00:26]} Kf7 {[%emt 0:00:16]} 28. Kf1 {[%emt 0:00:03]} Ke8 {[%emt 0:00:11]} 29. Bd1 {[%emt 0:00:59]} Rd8 {[%emt 0:00:28]} 30. Rxd8+ {[%emt 0:00:05]} Kxd8 {[%emt 0:00:03]} 31. Bb3 {[%emt 0:00:34]} e5 {[%emt 0:00:26]} 32. Rc5 {[%emt 0:00:03]} Kd7 {[%emt 0:00:22]} 33. Ke2 {[%emt 0:00:05]} Kd6 {[%emt 0:00:02]} 34. Rc8 {[%emt 0:00:03]} Rc7 {[%emt 0:00:07]} 35. Rb8 {[%emt 0:00:07]} Kc6 {[%emt 0:00:07]} 36. h3 {[%emt 0:00:11]} Rd7 {[%emt 0:00:08]} 37. Ba4+ {[%emt 0:00:27]} b5 {[%emt 0:00:03]} 38. Bb3 {[%emt 0:00:10]} a5 {[%emt 0:00:03]} 39. a4 {[%emt 0:00:05]} b4 {[%emt 0:00:06]} 40. Rb5 {[%emt 0:00:07]} Ra7 {[%emt 0:00:03]} 41. Rxe5 {[%emt 0:00:04]} Kd6 {[%emt 0:00:06]} 42. Rb5 {[%emt 0:00:04]} Kc6 {[%emt 0:00:06]} 43. Bc4 {[%emt 0:00:05]} Kd6 {[%emt 0:00:04]} 44. b3 {[%emt 0:00:05]} Kc6 {[%emt 0:00:06]} 45. g4 {[%emt 0:00:10]} h6 {[%emt 0:00:05]} 46. Rf5 {[%emt 0:00:11]} Kb6 {[%emt 0:00:09]} 47. Re5 {[%emt 0:00:13]} Kc6 {[%emt 0:00:07]} 48. Kf1 {[%emt 0:00:14]} Kd6 {[%emt 0:00:03]} 49. Rb5 {[%emt 0:00:03]} Kc6 {[%emt 0:00:01]} 50. Kg2 {[%emt 0:00:02]} Kd6 {[%emt 0:00:08]} 51. Kg3 {[%emt 0:00:02]} g5 {[%emt 0:00:04]} 52. Rb6+ {[%emt 0:00:06]} Ke7 {[%emt 0:00:07]} 53. Re6+ {[%emt 0:00:02]} 1-0

[Event "European Online Club-ch-E 2021"]
[Site "Online"]
[Date "2021.03.27"]
[Round "2.17"]
[White "Mamedyarov, Shakhriyar"]
[Black "Oparin, Grigoriy"]
[Result "1-0"]
[WhiteElo "2770"]
[BlackElo "2652"]
[Annotator "TA"]
[PlyCount "57"]
[EventDate "2021.03.27"]
[EventType "team-tourn"]
[EventCountry "NET"]
[SourceTitle "playchess.com"]
[Source "ChessBase"]
[SourceQuality "1"]

{[%evp 9,57,3,9,0,2,0,2,2,0,-5,-2,-35,-13,-26,10,16,27,20,49,35,58,19,16,0,0,0,0,0,0,0,0,0,0,0,56,44,49,40,152,147,181,167,429,429,540,522,835,835,990,931]} 1. e4 e5 2. Nf3 Nc6 3. Bb5 a6 4. Ba4 Nf6 5. Nc3 Be7 6. Bxc6 {C77: Ruy Lopez: 3...a6 4 Ba4 Nf6, unusual lines.} dxc6 7. d3 $1 {[%mdl 4] 7.d3 is a critical line.} Nd7 8. h3 {[#] The position is equal.} O-O $146 ({Predecessor:} 8... Bd6 9. Ne2 c5 10. c3 Nb8 11. a3 Nc6 12. O-O O-O 13. Be3 a5 14. d4 cxd4 15. cxd4 exd4 16. Nexd4 Nxd4 17. Bxd4 {0-1 (65) Safarli,E (2606)-Melkumyan,H (2582) Dubai 2010}) 9. Ne2 Re8 10. g4 Bb4+ 11. Bd2 Bxd2+ (11... Bf8 {is more complex.} 12. Ng3 a5 13. Nf5 a4 14. Kf1 b5) 12. Qxd2 c5 13. O-O-O Nb8 14. Qe3 b6 15. Ng3 Nc6 16. c3 Be6 17. Kb1 Qd7 18. Nf5 Rad8 19. h4 f6 20. Rhg1 $1 Kh8 21. h5 Qf7 ({Better is} 21... Na5 $11) 22. g5 $1 $14 Bxf5 23. exf5 {Black must now prevent g6.} fxg5 ({But not} 23... Qxh5 $2 24. Qe4 $18) (23... Ne7 $14) 24. Qe4 $16 Qf6 25. Nxg5 Rd6 $2 {[#]} (25... Ne7) 26. Nxh7 $1 $18 {[%mdl 512] White is clearly winning.} Qh6 (26... Kxh7 27. Rg6) 27. Ng5 {Threatens to win with Nf7+.} Nd8 28. f4 c4 29. d4 {Weighted Error Value: White=0.05/Black=0.41} 1-0

[Event "European Online Club-ch-E 2021"]
[Site "Online"]
[Date "2021.03.27"]
[Round "2.18"]
[White "Moussard, Jules"]
[Black "Guseinov, Gadir"]
[Result "0-1"]
[WhiteElo "2635"]
[BlackElo "2665"]
[Annotator "TA"]
[PlyCount "122"]
[EventDate "2021.03.27"]
[EventType "team-tourn"]
[EventCountry "NET"]
[SourceTitle "playchess.com"]
[Source "ChessBase"]
[SourceQuality "1"]

{[%evp 9,122,37,62,37,37,35,37,35,104,87,139,110,93,48,69,47,70,71,87,76,77,59,65,60,83,0,0,0,0,0,25,58,110,47,29,-37,-45,-45,-37,-49,-45,-49,0,-6,0,0,0,0,0,0,0,-45,-42,-87,-29,-112,-104,-116,-118,-145,-147,-222,-222,-233,-224,-307,-204,-285,-251,-254,-206,-266,-178,-178,-178,-177,-95,-95,-95,-95,-95,-96,-96,-176,-176,-471,-226,-470,-48,-48,-48,-48,-23,-95,-95,-177,-178,-4606,-2627,-29970,-29974,-29974,-29974,-29974,-29975,-29973,-29975,-29975,-29977,-29977,-29978,-29979,-29979,-29978,-29978]} 1. e4 c5 2. Nf3 g6 3. c3 Nf6 4. e5 Nd5 5. d4 cxd4 6. Qxd4 {B27: Sicilian: 2 Nf3, unusual Black 2nd moves.} e6 7. Bc4 Nc6 8. Qe4 {White is slightly better.} f5 (8... d6 $14) 9. Qe2 $16 {[#]} Nce7 $146 ({Black should play} 9... Nc7) ({Predecessor:} 9... Nb6 10. Bb3 Bg7 11. O-O O-O 12. a4 Rb8 13. Be3 Re8 14. Bc5 Bf8 15. Bxf8 Kxf8 {1-0 (44) Sokolov,A (2580)-Kraidman,Y (2365) Gausdal 1996}) 10. h4 h6 11. Bxd5 Nxd5 12. c4 Nb4 13. Nc3 b6 14. a3 Nc6 15. Bf4 Ba6 16. b4 Bb7 17. Nb5 (17. Rd1 $16) 17... a5 $11 18. O-O axb4 19. axb4 Rxa1 20. Rxa1 Bxb4 ({Better is} 20... Nxb4 $14 21. Qd1 Nc6) 21. Qe3 (21. Nd6+ $16 Bxd6 22. exd6) 21... Na5 $14 22. Nd6+ ({White should try} 22. Bxh6 $11 Nxc4 23. Qf4) 22... Bxd6 $15 23. exd6 Bxf3 (23... Nxc4 $2 24. Qd4 $18) 24. Qxf3 Kf7 ({And not} 24... Qxh4 25. Qa8+ Qd8 26. Qxd8+ Kxd8 27. c5 $16) ({Wrong is} 24... Nxc4 $2 25. Ra8 $18) 25. Be5 Rg8 (25... Nxc4 $2 26. Bxh8 Qxh8 27. Ra7 $18) (25... Re8 {seems wilder.} 26. Bc3 Nc6 27. Qg3 Rg8 28. Qf4 g5) 26. Bc3 $1 Qxh4 (26... Nxc4 27. Ra7 $18) 27. Bxa5 bxa5 $11 {[%mdl 4096] Endgame KQR-KQR} 28. Qb7 $1 {[%cal Rb7d7]} Qd8 29. c5 {aiming for c6.} Qc8 30. Qb5 Qc6 31. Qxa5 Rb8 (31... Rc8 $17 32. Qa7 Ke8) 32. Qc3 (32. Qa7 $11 {keeps the balance.} Rb5 33. Rc1) 32... g5 $17 33. Ra7 {[#]} Kg6 $1 $36 {[%mdl 2048] Black has strong initiative.} 34. Ra1 h5 35. Rc1 (35. g3 $17) 35... h4 $19 36. Qe5 Rc8 37. f3 Qa4 38. Qe3 Qb4 39. Rc3 Rc6 40. Rc1 Qf4 41. Qxf4 gxf4 {KR-KR} 42. Rb1 {[#]} Rxc5 (42... Rc8 $1 $19 43. Rb7 Rd8) 43. Rb7 $17 Kf6 44. Rxd7 Ke5 45. Rd8 Rc1+ 46. Kh2 (46. Kf2 $17 {was forced.}) 46... Rf1 $19 47. Rh8 $2 (47. d7 {was worth a try.} Kd6 48. Rh8 Kxd7 49. Rxh4) 47... Kxd6 48. Rxh4 $2 (48. Rd8+ Ke7 49. Ra8) 48... Ke5 $2 (48... e5 $19 {Hoping for ...e4.} 49. Rh6+ Ke7 50. Rh7+ Ke6 51. Rh6+ Kf7) 49. Rh8 $15 Rd1 50. Ra8 Rc1 51. Ra5+ (51. g3 $11) 51... Kd4 $17 52. Ra8 (52. Ra2 $17 {keeps fighting.}) 52... e5 $19 53. Rf8 $2 (53. Rd8+ Ke3 54. Rf8) 53... e4 54. Rxf5 e3 {Black mates.} 55. Rxf4+ Kd3 56. Re4 e2 57. Kg3 e1=Q+ 58. Rxe1 Rxe1 59. Kf4 Kd4 60. g4 Kd5 61. Kf5 Kd6 {Weighted Error Value: White=0.57/Black=0.28} 0-1